1212 1723 1886 1339 1214 1740 1080 1310 1213 1406 1454 1274 1680 1688 1277 1054 1558 1897 1119 1485 1217 1021 1792 1017 1923 1452 1859 1340 1268 1998 1355 1034 1829 1357 1166 1281 1067 1681 1634 1864 1122 1934 1042 1519 1302 1856 1568 1570 1822 1345 1769 1371 1930 1695 1751 1119 1874 1853 1326 1226 1888 1286 1973 1854 1783 1782 1826 1388 1204 1318 1641 1827 1491 1430 1051 1446 1739 1395 1588 1505 1448 1923 1438 1028 1394 1598 1785 1549 1104 1092 1636 1095 1269 1086 1739 1228 1877 1460 1462 BCNSPRNW ULIB Ver.6.0+V

เปลี่ยนเป็นภาษาไทย

Change to English
 แสดงรายละเอียดบรรณานุกรม
  กลับหน้าหลัก

Brief Record : Get Marc (ISO 2709) : E-mail record : QR code < ปิดหน้าต่าง
LEADER : 00000nam 2200000uu 4500
001    13399114846
003     ULIB
008    020711s2547 th a 000 0 tha d
020    ^a9749240502
082 04 ^aนว.^bย232ส
090    ^aนว.^bย232ส
100    ^aยาขอบ
245    ^aจูล่ง สุภาพบุรุษจากเสียงสาน /^cยาขอบ
260    ^aกรุงเทพฯ :^bดอกหญ้า,^c2547
945    ^p0^l0^i024698
999 ^a ทศพร
รายการนี้ยังไม่มีแท็ก
คุณยังไม่ได้ล็อกอิน คุณสามารถมีกิจกรรมร่วมกับเว็บไซต์ได้ แต่ต้องล็อกอินก่อน ::
  ล็อกอิน

รายการสื่อสารสนเทศ

ลำดับที่ ประเภท เลขเรียก/บาร์โค้ด สถานที่ สถานะ
- ไม่พบข้อมูล -

รายการใกล้เคียง
    ผู้แต่ง [ยาขอบ]

BibComment


ยังไม่เคยถูกคอมเมนท์

คอมเมนท์ทรัพยากรรายการนี้
  คอมเมนท์: จูล่ง สุภาพบุรุษ..


 Copyright 2026. Bcnsprnw @Library